MENA Quiz Stats

 Plays Quiz not verified by Sporcle

Challenge
Share
Tweet
Embed
Score 0/25 Timer 05:00
0 Plays Today
% Correct
Cairo
88.4%
Jerusalem
87.6%
Tunis
85.4%
Kuwait City
85.1%
Abu Dhabi
83.4%
Algiers
82.9%
Tehran
79.3%
Ankara
79%
Baghdad
79%
Damascus
75.1%
Riyadh
74.3%
Tripoli
73.2%
Beirut
71.3%
% Correct
Doha
71%
Amman
69.9%
Sanaa
68.5%
Muscat
66.6%
Islamabad
64.4%
Rabat
63.5%
Kabul
62.4%
Nouakchott
60.5%
Manama
59.9%
Ramallah
56.6%
Khartoum
55.8%
Juba
54.3%

You're not logged in!

Compare scores with friends on all Sporcle quizzes.
Join for Free
OR
Log In

You Might Also Like...

Show Comments

Extras

Top Quizzes Today


Score Distribution

Your Account Isn't Verified!

In order to create a playlist on Sporcle, you need to verify the email address you used during registration. Go to your Sporcle Settings to finish the process.

Report this User

Report this user for behavior that violates our Community Guidelines.

Details: